MyGZULibrary

The reconciliation of peoples : (Record no. 6884)

MARC details
000 -LEADER
fixed length control field 01161cam a2200313 a 4500
001 - CONTROL NUMBER
control field 2108685
003 - CONTROL NUMBER IDENTIFIER
control field GZU
005 - DATE AND TIME OF LATEST TRANSACTION
control field 20210503125314.0
008 - FIXED-LENGTH DATA ELEMENTS--GENERAL INFORMATION
fixed length control field 960925s1997 sw b 000 0 eng
010 ## - LIBRARY OF CONGRESS CONTROL NUMBER
LC control number 96045029
020 ## - INTERNATIONAL STANDARD BOOK NUMBER
International Standard Book Number 1570751072 (alk. paper)
040 ## - CATALOGING SOURCE
Original cataloging agency DLC
Transcribing agency DLC
Modifying agency DLC
050 00 - LIBRARY OF CONGRESS CALL NUMBER
Classification number BT736.4 REC 1997
Item number .R43 1997
082 00 - DEWEY DECIMAL CLASSIFICATION NUMBER
Classification number 261.8/09
Edition number 21
245 04 - TITLE STATEMENT
Title The reconciliation of peoples :
Remainder of title challenge to the churches /
Statement of responsibility, etc. edited by Gregory Baum, Harold Wells.
260 ## - PUBLICATION, DISTRIBUTION, ETC.
Place of publication, distribution, etc. Geneva, Switzerland :
Name of publisher, distributor, etc. WCC Publications ;
Place of publication, distribution, etc. Maryknoll, N.Y. :
Name of publisher, distributor, etc. Orbis Books,
Date of publication, distribution, etc. 1997.
300 ## - PHYSICAL DESCRIPTION
Extent ix, 195 p. ;
Dimensions 24 cm.
500 ## - GENERAL NOTE
General note Includes references
504 ## - BIBLIOGRAPHY, ETC. NOTE
Bibliography, etc. note Includes bibliographical references.
600 ## - SUBJECT ADDED ENTRY--PERSONAL NAME
Source of heading or term Theology for reconciliation
600 ## - SUBJECT ADDED ENTRY--PERSONAL NAME
Source of heading or term The church and genocide
650 #0 - SUBJECT ADDED ENTRY--TOPICAL TERM
Topical term or geographic name entry element Reconciliation
General subdivision Religious aspects
-- Christianity.
650 #0 - SUBJECT ADDED ENTRY--TOPICAL TERM
Topical term or geographic name entry element Peace
General subdivision Religious aspects
-- Christianity.
700 1# - ADDED ENTRY--PERSONAL NAME
Personal name Baum, Gregory,
Dates associated with a name 1923-
700 1# - ADDED ENTRY--PERSONAL NAME
Personal name Wells, Harold.
906 ## - LOCAL DATA ELEMENT F, LDF (RLIN)
a 7
b cbc
c orignew
d 1
e ocip
f 19
g y-gencatlg
942 ## - ADDED ENTRY ELEMENTS (KOHA)
Source of classification or shelving scheme Library of Congress Classification
Koha item type Books
Classification part 736.4
Item part REC
Call number prefix BT
Holdings
Withdrawn status Lost status Damaged status Not for loan Collection code Home library Current library Shelving location Date acquired Total Checkouts Full call number Barcode Date last seen Copy number Price effective from Koha item type
        Non-fiction Gender Resource Centre Gender Resource Centre General Stacks 05/03/2021   BT736.4 REC 1997 001192 05/03/2021 c.1 05/03/2021 Books
        Non-fiction Gender Resource Centre Gender Resource Centre General Stacks 05/03/2021   BT736.4 REC 1997 001193 05/03/2021 c.2 05/03/2021 Books
        Non-fiction Gender Resource Centre Gender Resource Centre General Stacks 05/03/2021   BT736.4 REC 1997 001460 05/03/2021 c.3 05/03/2021 Books